| 000 | 00584nam a2200205 a 4500 | ||
|---|---|---|---|
| 001 | 1444599 | ||
| 005 | 20180301033738.0 | ||
| 008 | 850508s1986 ohua b 001 0 eng | ||
| 010 | _a 85061494 | ||
| 020 | _a0675201985 | ||
| 040 |
_aDLC _cDLC _dDLC |
||
| 041 | _aeng | ||
| 080 | _a658.3 CAL | ||
| 082 | 0 | 0 |
_a658.3 CAL _219 |
| 100 | 1 | _a52 | |
| 101 | _aBNJ | ||
| 245 | 1 | 0 |
_aUnderstanding organizational behavior : _cRobert E. Callahan, C. Patrick Fleenor, Harry R. Knudson. |
| 906 |
_a7 _bcbc _corignew _d2 _eopcn _f19 _gy-gencatlg |
||
| 942 |
_2ddc _cBK |
||
| 999 |
_c43752 _d43752 |
||